=LDR 00000nam 2200000 4500 =001 INLIS000000000037581 =005 20240611023753 =035 ##$$a 0010-061300000037581 =008 240611################g##########0#ind## =041 ##$$a Ind =082 ##$$a 332.024 =090 ##$$a 332.024, Ard d =100 ##$$a Ardhiyanti, Shinta D =245 1#$$a Dua ratus empat puluh tips berhemat, tanpa harus memangkas kesukaan anda /$c Shinta D Ardhiyanti ; editor, Shinta K =260 ##$$a Jakarta :$b Penebar plus,$c 2009 =300 ##$$a 107 hlm : $b Ilus ; $c 15 x 11 cm =650 #4$$a Keuangan pribadi =850 ##$$a NBPNMAT =020 ##$$a 978-979-3927-82-4 =084 ##$$a 332.024 ARD d =990 ##$$a 21110511 =990 ##$$a 21110512 =990 ##$$a 1201102710